Nền và móng các công trình dân dụng - công nghiệp
Sách trình bày những nguyên tắc cơ bản của thiết kế nền móng, thiết kế móng nông trên nền thiên nhiên, tính toán móng mềm,... gia cường và sửa chữa nền móng.
Gardado en:
| Autor Principal: | |
|---|---|
| Formato: | Libro |
| Idioma: | Undetermined |
| Publicado: |
Hà Nội
Xây dựng
1996
|
| Những chủ đề: | |
| Các nhãn: |
Engadir etiqueta
Sen Etiquetas, Sexa o primeiro en etiquetar este rexistro!
|
| Thư viện lưu trữ: | Trung tâm Học liệu Trường Đại học Cần Thơ |
|---|
| LEADER | 00951nam a2200205Ia 4500 | ||
|---|---|---|---|
| 001 | CTU_87 | ||
| 008 | 210402s9999 xx 000 0 und d | ||
| 020 | |c 50000 | ||
| 082 | |a 624.15 | ||
| 082 | |b Qu106 | ||
| 100 | |a Nguyễn, Văn Quảng | ||
| 245 | 0 | |a Nền và móng các công trình dân dụng - công nghiệp | |
| 245 | 0 | |c Nguyễn Văn Quảng, Nguyễn Hữu Kháng, Uông Đình Chất | |
| 260 | |a Hà Nội | ||
| 260 | |b Xây dựng | ||
| 260 | |c 1996 | ||
| 520 | |a Sách trình bày những nguyên tắc cơ bản của thiết kế nền móng, thiết kế móng nông trên nền thiên nhiên, tính toán móng mềm,... gia cường và sửa chữa nền móng. | ||
| 650 | |a Foundation | ||
| 904 | |i Nguyễn Quang Điền, Mai chuyển từ 624.17 thành 624.15 chưa in nhãn | ||
| 980 | |a Trung tâm Học liệu Trường Đại học Cần Thơ | ||